English vocabulary in use: advanced
Gardado en:
| Main Authors: | , |
|---|---|
| Formato: | Libro |
| Idioma: | inglés |
| Publicado: |
Cambridge
Cambridge University
2002
|
| Edición: | 1a. ed |
| Subjects: | |
| Tags: |
Engadir etiqueta
Sen Etiquetas, Sexa o primeiro en etiquetar este rexistro!
|
MARC
| LEADER | 00000nam a2200000 a 4500 | ||
|---|---|---|---|
| 001 | UCK0217 | ||
| 003 | CL-VaPUC | ||
| 008 | 040924e20020000UK |||||||||||||||||eng|d | ||
| 020 | |a 0521653975 | ||
| 082 | 0 | 4 | |a 423 |b MCC |2 21 |
| 100 | |a McCarthy, Michael |e autor |9 599142 | ||
| 700 | |a Oï Dell, Felicity |e author |9 521685 | ||
| 245 | 1 | 0 | |a English vocabulary in use: advanced |
| 250 | |a 1a. ed | ||
| 300 | |a 315 p | ||
| 942 | |c BK | ||
| 945 | |d 20040924 00:00:00 |a vberengu | ||
| 260 | |a Cambridge |b Cambridge University |c 2002 | ||
| 500 | |a English Vocabulary in use advanced is a vocabulary book for advanced level learners. It is primarily designed as a self-study reference and practice text but it can also be used for classroom work | ||
| 650 | 0 | |a Lengua inglesa |9 318842 | |
| 650 | 0 | |a Educación lingüística |9 306506 | |
| 650 | 0 | |a Métodos de enseñanza |9 270413 | |
| 583 | |a last modification |c 20130306 09:52:17 |k Rodrigo Vera | ||
| 999 | |c 310706 |d 310704 | ||
| 952 | |0 0 |1 0 |4 0 |6 423_000000000000000_MCC_2002 |7 0 |8 A |9 379609 |a BIBEDU |b BIBEDU |d 2019-11-21 |i 406139K |l 2 |m 1 |o 423 MCC 2002 |p 406139K |r 2025-04-10 |s 2025-03-27 |w 2019-11-21 |y BK |k LIT | ||
| 952 | |0 0 |1 0 |4 0 |6 423_000000000000000_MCC_2002 |7 0 |8 A |9 379610 |a BIBEDU |b BIBEDU |d 2019-11-21 |i 4347986 |l 1 |o 423 MCC 2002 |p 4347986 |r 2024-03-21 |s 2024-03-21 |w 2019-11-21 |y BK |k LIT | ||